000 00748nam a2200205 i 4500
001 30602
003 ES-MaACL
005 20251003063045.0
007 t|
008 030127s1953 sp ||||1| spa d
100 1 _aBeltrán de Heredia, Vicente,
_d1885-1973
_927359
245 1 3 _aLos orígenes de la Universidad de Salamanca /
_cVicente Beltrán de Heredia.
260 _aSalamanca :
_bUniversidad de Salamanca,
_c1953 (
_fYagües)
300 _a53 p. ;
_c24 cm.
490 1 _aActa Salmanticensia. Historia de la Universidad ;
_v1 ;
_v1
710 2 _aUniversidad de Salamanca.
_97275
830 0 0 _aActa Salmanticensia. Historia de la Universidad
_v1 ;
_v1
_9178181
852 _aES-MaACL
_j1961-F-14
_bR.35568
999 _c30602
_d30602